| 000 | 00575nam a22001817a 4500 | ||
|---|---|---|---|
| 003 | BD-DhUL | ||
| 005 | 20210131123548.0 | ||
| 008 | 181016s1959 ii ||||| |||| 00| 0 urd d | ||
| 040 |
_aBD-DhUL _cBD-DhUL |
||
| 082 |
_a891.433 _bHAZ |
||
| 110 | 2 | _aمنشی نولکشور۔ | |
| 245 | 0 | 0 |
_aھزار داستان : _bیعنے ترجمۂ الف لیلہ نثر / _cمنشی نولکشور۔ |
| 246 | _aHazār Dāstān | ||
| 260 |
_aلکھنؤ : _bمنشی نولکشور، _c۔۱۹۵۹ |
||
| 300 |
_aص۔ ۵۷۰ ؛ _c۲۲ سم۔ |
||
| 650 | 4 | _aUrdu fiction. | |
| 942 |
_2ddc _cBK |
||
| 999 |
_c243936 _d243936 |
||